The right to dress : sumptuary laws in a global perspective, c. 1200-1800
This is the first global history of dress regulation and its place in broader debates around how human life and societies should be visualised and materialised. Sumptuary laws were a tool on the part of states to regulate not only manufacturing systems and moral economies via the medium of expenditu...
Gespeichert in:
| Körperschaft: | |
|---|---|
| Mitwirkende: | |
| Dokumenttyp: | Tagungsbericht Buch |
| Sprache: | English |
| Veröffentlicht: |
Cambridge ; New York, NY ; Port Melbourne, VIC ; New Delhi ; Singapore
: Cambridge University Press
, 2019
|
| Schlagwörter: | |
| Online Zugang: | Inhaltsverzeichnis Rezension |
| Bibliogr. Hinweis: | Rezensiert in:
[Rezension von: Giorgio Riello / Ulinka Rublack (eds.), The right to dress. Sumptuary laws in a global perspective, c. 1200-1800] |
| Verantwortlich: | edited by Giorgio Riello (University of Warwick), Ulinka Rublack (University of Cambridge) |
| LEADER | 04363cam a2200661 c 4500 | ||
|---|---|---|---|
| 001 | 1036363066 | ||
| 003 | DE-627 | ||
| 005 | 20260407103008.0 | ||
| 007 | tu | ||
| 008 | 181024s2019 xxk||||| 00| ||eng c | ||
| 020 | |a 9781108475914 |q hbk. |9 978-1-108-47591-4 | ||
| 035 | |a (DE-627)1036363066 | ||
| 035 | |a (DE-603)440835321 | ||
| 035 | |a (DE-599)BVBBV045216017 | ||
| 035 | |a (OCoLC)1084976967 | ||
| 035 | |a (OCoLC)1084976967 | ||
| 035 | |a (DE-604)BV045216017 | ||
| 040 | |a DE-627 |b ger |c DE-627 |e rda | ||
| 041 | |a eng | ||
| 044 | |c XA-GB |c XD-US |c XE-AU | ||
| 084 | |a INTRECHT |q DE-1a |2 fid | ||
| 084 | |a NT 3100 |q DE-24/20sred |2 rvk |0 (DE-625)rvk/131049: | ||
| 084 | |a 86.09 |2 bkl | ||
| 084 | |a 73.22 |2 bkl | ||
| 111 | 2 | |a World Economic History Congress |n 17. |d 2015 |c Kyōto |j VerfasserIn |0 (DE-588)1186419768 |0 (DE-627)1665898410 |4 aut | |
| 245 | 1 | 4 | |a The right to dress |b sumptuary laws in a global perspective, c. 1200-1800 |c edited by Giorgio Riello (University of Warwick), Ulinka Rublack (University of Cambridge) |
| 264 | 1 | |a Cambridge |a New York, NY |a Port Melbourne, VIC |a New Delhi |a Singapore |b Cambridge University Press |c 2019 | |
| 300 | |a XVII, 505 Seiten |b Illustrationen |c 24 cm | ||
| 336 | |a Text |b txt |2 rdacontent | ||
| 337 | |a ohne Hilfsmittel zu benutzen |b n |2 rdamedia | ||
| 338 | |a Band |b nc |2 rdacarrier | ||
| 500 | |a Literaturverzeichnis Seite 479-490 | ||
| 500 | |a Index Seite 491-505 | ||
| 520 | |a This is the first global history of dress regulation and its place in broader debates around how human life and societies should be visualised and materialised. Sumptuary laws were a tool on the part of states to regulate not only manufacturing systems and moral economies via the medium of expenditure and consumption of clothing but also banquets, festivities and funerals. Leading scholars on Asian, Latin American, Ottoman and European history shed new light on how and why items of dress became key aspirational goods across society, how they were lobbied for and marketed, and whether or not sumptuary laws were implemented by cities, states and empires to restrict or channel trade and consumption. Their findings reveal the significance of sumptuary laws in medieval and early modern societies as a site of contestation between individuals and states and how dress as an expression of identity developed as a modern 'human right'. | ||
| 648 | 7 | |a Geschichte 1200-1800 |2 gnd | |
| 650 | 0 | 7 | |0 (DE-588)4168356-0 |0 (DE-627)105418161 |0 (DE-576)209914971 |a Luxussteuer |2 gnd |
| 650 | 0 | 7 | |0 (DE-588)4164088-3 |0 (DE-627)105449997 |0 (DE-576)209885998 |a Kleiderordnung |2 gnd |
| 650 | 4 | |a Geschichte 1200-1800 | |
| 655 | 7 | |a Konferenzschrift |y 2015 |z Kyōto |0 (DE-588)1071861417 |0 (DE-627)826484824 |0 (DE-576)433375485 |2 gnd-content | |
| 655 | 7 | |a Aufsatzsammlung |0 (DE-588)4143413-4 |0 (DE-627)105605727 |0 (DE-576)209726091 |2 gnd-content | |
| 689 | 0 | 0 | |d s |0 (DE-588)4164088-3 |0 (DE-627)105449997 |0 (DE-576)209885998 |a Kleiderordnung |2 gnd |
| 689 | 0 | 1 | |d s |0 (DE-588)4125698-0 |0 (DE-627)104470348 |0 (DE-576)209578750 |a Kultur |2 gnd |
| 689 | 0 | 2 | |a z |2 gnd |a Geschichte 1200-1800 |
| 689 | 0 | |5 (DE-627) | |
| 700 | 1 | |a Riello, Giorgio |d 1974- |e HerausgeberIn |0 (DE-588)1075816831 |0 (DE-627)833960245 |0 (DE-576)444678816 |4 edt | |
| 700 | 1 | |a Rublack, Ulinka |d 1967- |e HerausgeberIn |0 (DE-588)118197037 |0 (DE-627)079299962 |0 (DE-576)176806040 |4 edt | |
| 787 | 0 | 8 | |i Rezensiert in |a Aust, Cornelia, 1977 - |t [Rezension von: Giorgio Riello / Ulinka Rublack (eds.), The right to dress. Sumptuary laws in a global perspective, c. 1200-1800] |d 2019 |w (DE-627)1785980432 |
| 856 | 4 | 2 | |u https://swbplus.bsz-bw.de/bsz1036363066inh.htm |m V:DE-576;B:DE-16 |q application/pdf |v 20190705153213 |3 Inhaltsverzeichnis |7 1 |
| 856 | 4 | 2 | |u http://www.sehepunkte.de/2019/10/32928.html |m V:DE-576;X:SEHEPUNKTE |q text/html |v 20200129113047 |3 Rezension |7 1 |
| 936 | r | v | |a NT 3100 |b Einzelbeiträge |k Geschichte |k Allgemeine Rechts-, Verfassungs- und Verwaltungsgeschichte |k Darstellungen zur Rechts-, Verfassungs- und Verwaltungsgeschichte |k Einzelbeiträge |0 (DE-627)1271217678 |0 (DE-625)rvk/131049: |0 (DE-576)201217678 |
| 936 | b | k | |a 86.09 |j Rechtsgeschichte |q DA3 |0 (DE-627)106413481 |
| 936 | b | k | |a 73.22 |j Kleidung |x Ethnologie |q DA3 |0 (DE-627)106411535 |
| 951 | |a BO | ||
| 990 | |a Kleiderordnung | ||
| 990 | |a Kultur | ||
| 990 | |a Geschichte 1200-1800 | ||
| 991 | |a Rezensiertes Werk | ||
| 999 | |a KXP-PPN1036363066 |e 4036735268 | ||


